000 00343nam a2200133Ia 4500
008 150202s9999 xx 000 0 und d
020 _a440206529
050 _aFIC
_bFIC
100 _aPlain, Belva.
245 _aBlessings /
_cBelva Plain.
260 _aNew York :
_bDell Books,
_c1989.
300 _a393 pages :
_c18 cm.
650 _aFiction.
999 _c282335
_d282335